000 01437cam a2200409 a 4500
001 15553101
005 20170105102907.0
008 081211s2007 enkab b 001 0 eng
010 _a 2008301214
015 _aGBA728593
_2bnb
016 7 _a013715688
_2Uk
020 _a9780745639109 (hbk.)
020 _a0745639100 (hbk.)
020 _a0745639119 (pbk.)
020 _a9780745639116 (pbk.)
035 _a(OCoLC)ocn123374806
040 _aUKM
_cUKM
_dBTCTA
_dBAKER
_dYDXCP
_dBWKUK
_dNDD
_dNLGGC
_dVRC
_dDLC
042 _aukscp
_alccopycat
050 0 0 _aJZ1318
_b.H453 2007
082 0 4 _a303.482
_222
084 _a89.70
_2bcl
084 _a83.49
_2bcl
100 1 _aHeld, David.
245 1 0 _aGlobalization/anti-globalization :
_bbeyond the great divide /
_cDavid Held and Anthony McGrew.
250 _a2nd ed.
260 _aCambridge :
_bPolity,
_c2007.
300 _axvii, 283 p. :
_bill., maps ;
_c23 cm.
504 _aIncludes bibliography (p. 237-270) and index.
650 0 _aGlobalization.
650 0 _aSocialism.
650 0 _aWorld politics
_y21st century.
700 1 _aMcGrew, Anthony G.
856 4 1 _3Table of contents only
_uhttp://www.loc.gov/catdir/toc/fy0904/2008301214.html
906 _a7
_bcbc
_ccopycat
_d2
_encip
_f20
_gy-gencatlg
942 _2ddc
_cBK
999 _c14953
_d14953